แสดงรายละเอียดบรรณานุกรม
  กลับหน้าหลัก

Brief Record : Get Marc (ISO 2709) : E-mail record : QR code ปิดหน้าต่าง
E-books : เกี่ยวกับ Collections
LEADER 00000nam 2200000uu 4500
001    207089
003     ULIBM
008    120515s2550||||th 000 0 tha d
024    ^a9789748414988
040    ^abcnkk
041 0  ^atha
060  0 ^aBQ 135 พ328 2550
100 0  ^aเทพดิลก,พระ (ระแบบ ฐิตญาโณ)
245 00 ^aตอบปัญหานานาชาติ./^bพระเทพดิลก (ระแบบ ฐิตญาโณ) เรียบเรียง.
250    ^aพิมพ์ครั้งที่ 3
260    ^aกรุงเทพฯ : ^bโรงพิมพ์พระพุทธศาสนาของธรรมสภา,^c2550.
300    ^a 493 หน้า.
650  0 ^aพุทธศาสนา ^xคำถามและคำตอบ
999    ^aใช้งานได้ทุกระบบ
รายการนี้ยังไม่มีแท็ก
คุณยังไม่ได้ล็อกอิน คุณสามารถมีกิจกรรมร่วมกับเว็บไซต์ได้ แต่ต้องล็อกอินก่อน ::
  ล็อกอิน
ลำดับที่ ประเภท เลขเรียก สถานที่ สถานะ
1. หนังสือทั่วไป
หนังสือทั่วไป
BQ 135 พ328 2550  
  
หนังสือทั่วไป On Shelf
  ขอยืม
   [แสดง 1/1 รายการ]

BibComment


ยังไม่เคยถูกคอมเมนท์

คอมเมนท์ทรัพยากรรายการนี้
  คอมเมนท์: ตอบปัญหานานาชาติ..
Bib 207089

 
 
 

 Union Library Management : ULibM
Copyright 2026. All Rights Reserved.
скачать бесплатно без регистрации порно красивый секс HD Sex Hindi sex

xxx gou

xxxx

bfxxx

xxxwww

Секса Видео

xxxx

Секса Видео

detube

geilexxx

C99 Shell

worms shell

blod xxx video
Ebony Coed Rihanna Rimes Takes A Dick In Her Young Twat priyaa indian fuck anal and pusssy hardcore indian women xxx desi hardcore fucking part 1 bengalixxxcouple